| 000 | 00504nam a2200157Ia 4500 | ||
|---|---|---|---|
| 008 | 220204s9999 xx 000 0 und d | ||
| 082 |
_a582.28+632.4 _bBUT |
||
| 100 | _aBUTLER, E J | ||
| 245 | 0 | _aFungi and disease in plants: An introduction to the diseases of field and plantation crops especially those of India and the East. | |
| 260 |
_aDehra Dun _bBishen Singh _c1973 |
||
| 650 | _aFungi | ||
| 650 | _aPlant disease | ||
| 650 | _aPlant disease control | ||
| 650 | _aRubber diseases | ||
| 942 | _cBK | ||
| 999 |
_c36465 _d36465 |
||